000 00543nam a2200193 i 4500
001 86771
003 ES-MaACL
005 20260423175248.0
007 t|
008 041215s1961 sp ||||1| spa d
080 _a821.521-31"19"
100 1 _aKawabata, Yasunari,
_d1899-1972
_9243019
245 1 0 _aPaís de nieve /
_cYasunari Kawabata ; [traducción de César Durán].
260 _aBarcelona :
_bZeus,
_c[1961]
300 _a253 p. ;
_c19 cm.
700 1 _aDurán, César.
_946173
852 4 _aES-MaACL
_jC-21670
999 _c86771
_d86771